LIBRARY & INFORMATION CENTRE, KCAET, TAVANUR

ONLINE PUBLIC ACCESS CATALOGUE (OPAC)

Gokhale: My Political Guru / (Record no. 732)

MARC details
000 -LEADER
fixed length control field 00448cam a2200169ua 4500
041 ## - LANGUAGE CODE
Language code of text/sound track or separate title eng
082 ## - DEWEY DECIMAL CLASSIFICATION NUMBER
Classification number 923.2 G
Item number MOH/GO
100 ## - MAIN ENTRY--AUTHOR NAME
Personal name Mohandas Karamchand , Gandhi .
245 ## - TITLE STATEMENT
Title Gokhale: My Political Guru /
260 ## - PUBLICATION, DISTRIBUTION, ETC. (IMPRINT)
Place of publication Ahmadabad :
Name of publisher Navajivan publishing house ,
Year of publication 1955.
300 ## - PHYSICAL DESCRIPTION
Number of Pages 67 ; .
942 ## - ADDED ENTRY ELEMENTS (KOHA)
Koha item type Books
Holdings
Withdrawn status Lost status Damaged status Home library Current library Date acquired Full call number Accession Number Koha item type
Withdrawn     KAUAET Sanskrit University 07/04/2012 923.2 G 2325 Books
free website counter